Normal view MARC view

Entry Topical Term

Number of records used in: 1

001 - CONTROL NUMBER

  • control field: 136

003 - CONTROL NUMBER IDENTIFIER

  • control field: csc

005 - DATE AND TIME OF LATEST TRANSACTION

  • control field: 20140507162048.0

008 - FIXED-LENGTH DATA ELEMENTS

  • fixed length control field: 100209|||a|||||| | ||| d

040 ## - CATALOGING SOURCE

  • Original cataloging agency: csc
  • Transcribing agency: csc

150 ## - HEADING--TOPICAL TERM

  • Topical term or geographic name entry element: Comic books, strips, etc.
  • Geographic subdivision: Japan

670 ## - SOURCE DATA FOUND

  • Source citation: Work cat.: (csc)0: Bernabe, Marc 224, Japanese in MangaLand :, c2004